000 00780nam a2200253Ia 4500
003 OSt
005 20220926005430.0
006 a|||||r|||| 00| 0
007 ta
008 220923b |||||||| |||| 00| 0 eng d
020 _a9788181283092
_c420.75
037 _bINDXL/RTL/187/10-11, 15/03/2011, Index International
_cGeneral Book
040 _aRTL
_cRTL
_beng
041 _2eng
_aeng
082 _aB44, N8
100 _aBOLLOBAS Bela
_9310304
245 0 _aModern Graph Theory
260 _a New Delhi
_bSpringer
_c1998
300 _axiii, 394p
_ccm.
490 _aGraduate texrs in Mathematics
650 _aEconomics
942 _hB44, N8
_cGB
_2CC
999 _c613835
_d613835